| 000 | 00665cab a2200241 4500 | ||
|---|---|---|---|
| 001 | WB3012-26 | ||
| 008 | 090401t1994 xxu||||| |||| 00| 0 eng d | ||
| 035 | _a(Sirsi) u10771 | ||
| 041 | _aeng | ||
| 245 | _aObsolete forms | ||
| 260 | _c1994 | ||
| 350 | _a0 | ||
| 490 |
_aOyez Forms Information Service _v(4/1994) March 1994 (2) |
||
| 520 | _aThree forms issued under the Housing and Rent Acts, on interim increases in rent, are to be withdrawn after 31 March. | ||
| 650 | _aHA 37 | ||
| 650 | _aHA 38 | ||
| 650 | _aHOUSING ACT | ||
| 650 | _aRENT ACT | ||
| 650 | _aRR 22B | ||
| 690 | _aPROPERTY-LANDLORD AND TENANT | ||
| 942 | _n0 | ||
| 948 | _c04/03/1997 | ||
| 999 |
_c6848 _d6848 |
||